000 01224cam a2200337 a 4500
001 14699538
003 GBCCL
005 20251105143835.0
008 070116s2007 caua b 001 0 eng
020 _a9780878083749
020 _a087808374X
035 _a14699538
040 _aDLC
_cDLC
_dDLC
082 0 0 _a262.26
_222
_bNEX 1
245 0 0 _aNexus :
_bthe world house church movement reader /
_ceditor Rad Zdero.
260 _aPasadena, Calif. :
_bWilliam Carey Library,
_cc2007.
300 _a521 p. :
_b1 ill. ;
_c23 cm.
336 _atext
_btxt
_2rdacontent
337 _aunmediated
_bn
_2rdamedia
338 _avolume
_bnc
_2rdacarrier
504 _aIncludes bibliographical references (p. 515-516) and indexes.
650 0 _aMissions.
650 0 _aHouse churches.
650 0 _aSmall churches.
700 1 _aZdero, Rad,
_d1969-
856 4 1 _3Table of contents only
_uhttp://www.loc.gov/catdir/toc/ecip078/2007001540.html
906 _a7
_bcbc
_corignew
_d1
_eecip
_f20
_gy-gencatlg
942 _2ddc
_cBK
_n0
999 _c10975
_d10975